PHYSICAL DATABASE DESIGN (Record no. 216596)

MARC details
000 -LEADER
fixed length control field 00530nam a22001697a 4500
008 - FIXED-LENGTH DATA ELEMENTS--GENERAL INFORMATION
fixed length control field 260223b |||||||| |||| 00| 0 eng d
020 ## - INTERNATIONAL STANDARD BOOK NUMBER
International Standard Book Number 978-0-12-369389-1
100 ## - MAIN ENTRY--PERSONAL NAME
Personal name LIGHTSTONE, SAM
245 ## - TITLE STATEMENT
Title PHYSICAL DATABASE DESIGN
Remainder of title THE DATABASE PROFESSIONAL'S GUIDE TO EXPLOITING INDEXES, VIEWS, STORAGE AND MORE
260 ## - PUBLICATION, DISTRIBUTION, ETC.
Place of publication, distribution, etc. AMSTERDAM
Name of publisher, distributor, etc. ELSEVIER
Date of publication, distribution, etc. 2007
300 ## - PHYSICAL DESCRIPTION
Extent XX,427P.
500 ## - GENERAL NOTE
General note INCLUDES BIBLIOGRAPHICAL INDEX
650 ## - SUBJECT ADDED ENTRY
Topical term or geographic name entry element 1. DATABASE DESIGN
700 ## - ADDED ENTRY--PERSONAL NAME
Personal name TEOREY, TOBY
942 ## - ADDED ENTRY ELEMENTS (KOHA)
Source of classification or shelving scheme Library of Congress Classification
Koha item type Long Loan Book
Holdings
Withdrawn status Lost status Source of classification or shelving scheme Damaged status Not for loan Collection Home library Current library Shelving location Date acquired Inventory number Total checkouts Full call number Barcode Date last seen Copy number Price effective from Koha item type
    Library of Congress Classification     Science & Technology Kisii University Library Kisii University Library On Display 02/23/2026 112035   QA 76.9 .D26 L54 2007 A000892 02/23/2026 1 02/23/2026 Long Loan Book
    Library of Congress Classification     Science & Technology Kisii University Library Kisii University Library On Display 02/23/2026 112036   QA 76.9 .D26 L54 2007 A000889 02/23/2026 2 02/23/2026 Long Loan Book
    Library of Congress Classification     Science & Technology Kisii University Library Kisii University Library On Display 02/23/2026 112037   QA 76.9 .D26 L54 2007 A000890 02/23/2026 3 02/23/2026 Long Loan Book